000 00742nam a22002890a 4500
001 PT60842
003 AR-LpoUNG
005 20210131232016.0
008 191001s[200||||sp |||||||||||||||||spa d
020 _a9788444140858
_c$7.50
040 _aAR-LpoUNG
_bspa
_cAR-LpoUNG
_eaacr
041 _aspa
044 _asp
082 0 _a808.068 3 212pri
100 1 _aCanetti, Yanitzia
245 1 3 _aEl príncipe azul
250 _a1ra. ed.
260 _aLa Coruña :
_bEverest,
_c[2008].
300 _a32 p. :
_bil.
505 0 _aSugerido a partir de 6 años (etiqueta AMARILLA)
650 4 _aCUENTOS
650 4 _aLITERATURA
653 _aLITERATURA INFANTIL
700 1 _aNoriega, Fernando
_eil.
905 _a60842
942 _cLIB
999 _c13184
_d13184